Gaming Quiz

Random Gaming or Video Games Quiz

Video Game Lyrics Quiz Stats

 Plays Quiz not verified by Sporcle

Score 0/191 Timer 10:00
0 Plays Today
Lyric % Correct
the
94.5%
And
94.5%
The
94.5%
a
94.5%
a
94.5%
A
94.5%
and
94.5%
a
94.5%
and
94.5%
a
94.5%
the
94.5%
the
94.5%
the
94.5%
and
94.5%
the
94.5%
And
94.5%
I
84.1%
I
84.1%
I
84.1%
I
84.1%
I
84.1%
I
84.1%
I
84.1%
I
84.1%
I
84.1%
I
84.1%
I
84.1%
I
84.1%
You
70.1%
you
70.1%
you
70.1%
to
55.2%
to
55.2%
to
55.2%
to
55.2%
to
55.2%
to
55.2%
to
55.2%
to
55.2%
to
55.2%
me,
52.7%
me,
52.7%
me
52.7%
me
52.7%
he
52.7%
he
52.7%
me,
52.7%
be
51.2%
be
51.2%
can
50.2%
is
46.8%
no
46.3%
in
44.8%
in
44.8%
in
44.8%
in
44.8%
in
44.8%
it
44.3%
it
44.3%
It
44.3%
it
44.3%
my
34.3%
my
34.3%
my
34.3%
Lyric % Correct
my
34.3%
This
33.8%
This
33.8%
have
32.3%
can't
31.8%
know
31.3%
know
31.3%
we're
29.9%
see
28.9%
when
28.9%
that
28.4%
there,
27.4%
at
26.4%
it's
26.4%
but
26.4%
it's
26.4%
but
26.4%
It's
26.4%
here,
24.4%
up
23.4%
with
23.4%
as
23.4%
up
23.4%
they
22.9%
I'm
21.9%
just
21.9%
I'm
21.9%
I'm
21.9%
I'm
21.9%
don't
21.9%
got
21.4%
get
20.9%
get
20.9%
'cause
20.4%
Had
20.4%
had
20.4%
'cause
20.4%
him
19.9%
Down
19.4%
feel
19.4%
then
19.4%
thing
18.9%
let
17.4%
power
15.4%
saying
15.4%
gonna
14.4%
gonna
14.4%
find
14.4%
gonna
14.4%
great
13.4%
around
13.4%
Knuckles
12.9%
ghost
12.9%
back
12.9%
Knuckles.
12.9%
gots
12.4%
sense
12.4%
fear
12.4%
tried
12.4%
tried
12.4%
fear
12.4%
Pumpkin
11.9%
Hill,
11.9%
ain't
11.9%
Lyric % Correct
Pumpkin
11.9%
Hill
11.9%
lost
11.9%
pumpkins
11.9%
ain't
11.9%
head
11.4%
emerald's
10.9%
fly,
10.9%
feet,
10.4%
hold
10.4%
freak
10%
piece
10%
allows
10%
'em
10%
'em
10%
wasn't
10%
fighting
9.5%
through
9.5%
search
9.5%
search
9.5%
went
9.5%
ready?
9%
somewhere
9%
Ask
9%
alley,
9%
fist
9%
metal
9%
nobody
9%
wall
9%
creep
8.5%
second,
8.5%
crack
8.5%
wind
8.5%
climbed
8.5%
none.
8.5%
crazy,
8%
crazy,
8%
graveyard
8%
approach
8%
seem
8%
scared,
8%
leery,
7.5%
question
7.5%
vanished
7.5%
started
7.5%
probably
7%
seems
7%
Didn't
7%
happy
7%
deeper
7%
name,
7%
theory,
6.5%
crying
6%
someone
6%
comes
6%
walking
5.5%
sure
5.5%
real
5.5%
hearing
5%
chicken,
5%
valleys,
4.5%
kid
3.5%
deal
3%

You're not logged in!

Compare scores with friends on all Sporcle quizzes.
OR
Log In

Show Comments

Extras

Top Quizzes Today


Score Distribution

Your Account Isn't Verified!

In order to create a playlist on Sporcle, you need to verify the email address you used during registration. Go to your Sporcle Settings to finish the process.

Report this User

Report this user for behavior that violates our Community Guidelines.

Details: